[Event "4NCL Online Division 5"]
[Site "online"]
[Date "2021.10.05"]
[EventDate "2021.10.05"]
[Round "4.41"]
[White "Kafetzopoulos, Anastasis"]
[WhiteElo "1995"]
[WhiteTeam "QMUL A"]
[Black "Moore, Gillian A"]
[BlackElo "1707"]
[BlackTeam "Wessex Some Stars F"]
[Result "1-0"]
[PlyCount "75"]

1. d4 d5 2. c4 Nc6 3. cxd5 Qxd5 4. e3 e5 5. Nc3 Bb4 6. Bd2 Bxc3 7. bxc3 Qd6 8. Bd3 Nge7 9. Ne2 O-O 10. O-O Bg4 11. f3 Bh5 12. Qb1 Bg6 13. Bxg6 Qxg6 14. e4 b6 15. d5 Na5 16. Qb4 Qd6 17. c4 Nb7 18. Kh1 Rfd8 19. Qb2 Nc5 20. Bb4 Ng6 21. Rfd1 Nf8 22. Nc3 a6 23. Qa3 Nfd7 24. Na4 h6 25. Qe3 c6 26. Nxb6 Nxb6 27. Bxc5 Nxc4 28. Qf2 Qd7 29. Rac1 Nd6 30. Bb6 Rdc8 31. Qd2 Rab8 32. Bc5 Nb5 33. a4 Na7 34. Bxa7 Qxa7 35. dxc6 Rb6 36. Qd7 Qxd7 37. cxd7 Rd8 38. Rc8 1-0

[Event "4NCL Online Division 5"]
[Site "online"]
[Date "2021.10.05"]
[EventDate "2021.10.05"]
[Round "4.42"]
[White "Doyle, Jamie"]
[WhiteElo "1684"]
[WhiteTeam "Wessex Some Stars F"]
[Black "Elliott, Nicholas"]
[BlackElo "1861"]
[BlackTeam "QMUL A"]
[Result "0-1"]
[PlyCount "82"]

1. e4 e6 2. d4 d5 3. e5 c5 4. c3 Nc6 5. Nf3 Nge7 6. Bd3 cxd4 7. cxd4 Nf5 8. Be3 Be7 9. O-O O-O 10. a3 f6 11. Re1 fxe5 12. dxe5 Bd7 13. Nbd2 Be8 14. Nb3 Bg6 15. Bxf5 Rxf5 16. Nbd4 Nxd4 17. Nxd4 Rxe5 18. Bf4 Rxe1+ 19. Qxe1 Qb6 20. Qxe6+ Qxe6 21. Nxe6 Bf6 22. Rd1 Bxb2 23. Rxd5 Re8 24. Rd8 Rxd8 25. Nxd8 Be4 26. Bd6 Bd5 27. f3 Bf6 28. Bc7 Kf8 29. Kf2 Ke7 30. Nxb7 Bxb7 31. Ba5 Bd4+ 32. Ke2 Bc5 33. Bc3 g6 34. Bb2 Kd6 35. Kd3 Kd5 36. h4 Ba6+ 37. Kc2 Bf1 38. g4 Be2 39. h5 Bxf3 40. hxg6 hxg6 41. g5 Be3 0-1

[Event "4NCL Online Division 5"]
[Site "online"]
[Date "2021.10.05"]
[EventDate "2021.10.05"]
[Round "4.43"]
[White "Shah, Meeth"]
[WhiteElo "1749"]
[WhiteTeam "QMUL A"]
[Black "Joyce, Tim"]
[BlackElo "1682"]
[BlackTeam "Wessex Some Stars F"]
[Result "1-0"]
[PlyCount "77"]

1. d4 Nf6 2. c4 g6 3. Bf4 Bg7 4. Nc3 O-O 5. Nf3 d6 6. e3 c5 7. Be2 cxd4 8. exd4 Bf5 9. h3 h5 10. Qd2 Ne4 11. Nxe4 Bxe4 12. Bh6 Nd7 13. Bxg7 Kxg7 14. g4 hxg4 15. hxg4 Rh8 16. Rxh8 Qxh8 17. O-O-O Rc8 18. Qf4 Bxf3 19. Qxf3 b5 20. Rh1 Qg8 21. g5 bxc4 22. Qh3 Qh8 23. Qg2 Qg8 24. Rh6 Nb6 25. Bg4 Rc7 26. Qh1 c3 27. b3 a5 28. d5 a4 29. Rxg6+ fxg6 30. Qh6+ Kf7 31. Be6+ Ke8 32. Bxg8 axb3 33. Be6 b2+ 34. Kc2 b1=Q+ 35. Kxb1 c2+ 36. Kc1 Nd7 37. Qxg6+ Kd8 38. Qg8+ Nf8 39. Qxf8# 1-0

[Event "4NCL Online Division 5"]
[Site "online"]
[Date "2021.10.05"]
[EventDate "2021.10.05"]
[Round "4.44"]
[White "Deacon, Matthew"]
[WhiteElo "1579"]
[WhiteTeam "Wessex Some Stars F"]
[Black "Zarzycki, Lukasz"]
[BlackElo "1494"]
[BlackTeam "QMUL A"]
[Result "0-1"]
[PlyCount "24"]

1. d4 d5 2. c4 c6 3. Nf3 Nf6 4. e3 Bf5 5. Nc3 e6 6. Nh4 Bg6 7. Be2 Nbd7 8. O-O Bd6 9. b3 Ne4 10. Nxe4 Bxh2+ 11. Kh1 Qxh4 12. Nd6+ Bxd6+ 0-1

[Event "4NCL Online Division 5"]
[Site "online"]
[Date "2021.10.05"]
[EventDate "2021.10.05"]
[Round "4.51"]
[White "Harrison, Peter K"]
[WhiteElo "1659"]
[WhiteTeam "Devana Corieltauvorum"]
[Black "Bucher, Goetz"]
[BlackElo "1969"]
[BlackTeam "Bearsden Grizzlies"]
[Result "0-1"]
[PlyCount "46"]

1. d4 Nf6 2. c4 e5 3. dxe5 Ng4 4. Bf4 Nc6 5. Nf3 Bb4+ 6. Nc3 Bxc3+ 7. bxc3 Qe7 8. Qd5 f6 9. e6 dxe6 10. Qh5+ g6 11. Qxg4 e5 12. Qg3 exf4 13. Qxf4 Be6 14. e3 O-O-O 15. Be2 g5 16. Qe4 f5 17. Qc2 Rhf8 18. Nd4 Ne5 19. Nxe6 Qxe6 20. O-O f4 21. Qe4 Rd2 22. Bf3 Nxf3+ 23. Qxf3 g4 0-1

[Event "4NCL Online Division 5"]
[Site "online"]
[Date "2021.10.05"]
[EventDate "2021.10.05"]
[Round "4.52"]
[White "Colston, Rob"]
[WhiteElo "1872"]
[WhiteTeam "Bearsden Grizzlies"]
[Black "Gray, Paul"]
[BlackElo "1588"]
[BlackTeam "Devana Corieltauvorum"]
[Result "1-0"]
[PlyCount "81"]

1. e4 d6 2. d4 Nf6 3. Nc3 g6 4. Be3 Bg7 5. f3 c6 6. a4 O-O 7. Qd2 Qc7 8. Bh6 Bxh6 9. Qxh6 Qb6 10. O-O-O Nbd7 11. h4 Kh8 12. Nge2 Ng8 13. Qd2 e5 14. h5 Ndf6 15. hxg6 fxg6 16. g4 Qc7 17. Ng3 Bd7 18. g5 Ne8 19. dxe5 Rxf3 20. exd6 Qd8 21. Qd4+ Nef6 22. Nge2 c5 23. Qe5 Kg7 24. Nd5 Kf7 25. Nxf6 Nxf6 26. gxf6 Rxf6 27. Rxh7+ Kg8 28. Qh2 Rf8 29. Nc3 Qg5+ 30. Kb1 Bg4 31. Bc4+ Rf7 32. Rh8+ Kg7 33. Qh7+ Kf6 34. Qxf7+ Ke5 35. Qd5+ Kf4 36. Rf1+ Ke3 37. Qxg5+ Kd4 38. Qd5+ Ke3 39. Qxc5+ Kd2 40. Rh2+ Be2 41. Rxe2# 1-0

[Event "4NCL Online Division 5"]
[Site "online"]
[Date "2021.10.05"]
[EventDate "2021.10.05"]
[Round "4.53"]
[White "Pettitt, David"]
[WhiteElo "1627"]
[WhiteTeam "Devana Corieltauvorum"]
[Black "Watt, David A"]
[BlackElo "1921"]
[BlackTeam "Bearsden Grizzlies"]
[Result "0-1"]
[PlyCount "80"]

1. d4 Nf6 2. c4 g6 3. Nc3 d5 4. e3 Bg7 5. Nf3 O-O 6. Be2 dxc4 7. Bxc4 c5 8. O-O Nc6 9. dxc5 Qa5 10. Qb3 Qxc5 11. Qb5 Qxb5 12. Bxb5 Bd7 13. Rd1 a6 14. Be2 Rfd8 15. e4 b5 16. a3 Be6 17. Be3 Bb3 18. Rxd8+ Rxd8 19. Bc5 Kf8 20. h3 Nd7 21. Be3 Nde5 22. Nxe5 Nxe5 23. Bd1 Be6 24. Bc2 Nc4 25. Rd1 Rxd1+ 26. Bxd1 Nxb2 27. Bd2 Bxc3 28. Bxc3 Nxd1 29. Bd4 Bb3 30. Kf1 f6 31. Ke1 Ke8 32. Ke2 Kd7 33. f4 Kd6 34. g4 e5 35. fxe5+ fxe5 36. Ba1 a5 37. Kf3 b4 38. axb4 axb4 39. Ke2 Bc2 40. Kd2 b3 0-1

[Event "4NCL Online Division 5"]
[Site "online"]
[Date "2021.10.05"]
[EventDate "2021.10.05"]
[Round "4.54"]
[White "Nield, Christopher"]
[WhiteElo "1157"]
[WhiteTeam "Bearsden Grizzlies"]
[Black "Johnson, Andy G"]
[BlackElo "1654"]
[BlackTeam "Devana Corieltauvorum"]
[Result "1-0"]
[PlyCount "75"]

1. d4 d6 2. c4 g6 3. Nf3 Bg7 4. Nc3 Nf6 5. e3 Nbd7 6. Be2 c5 7. O-O O-O 8. Qc2 Re8 9. h3 b6 10. Bd2 Bb7 11. e4 a6 12. e5 cxd4 13. exf6 Bxf6 14. Nd5 Bxd5 15. cxd5 Rc8 16. Qb3 Nc5 17. Qa3 b5 18. Rac1 Qd7 19. Bb4 Na4 20. b3 d3 21. bxa4 dxe2 22. Rfe1 bxa4 23. Rxc8 Rxc8 24. Qd3 Qb7 25. a3 Qb6 26. Qxe2 a5 27. Bd2 Rc2 28. Qe4 Qb2 29. Qxa4 Rxd2 30. Nxd2 Qxd2 31. Rd1 Qc3 32. Rb1 Qd2 33. Qd1 Qa2 34. Qb3 Qd2 35. Rd1 Qe2 36. Qd3 Qb2 37. Rb1 Qxa3 38. Qxa3 1-0

[Event "4NCL Online Division 5"]
[Site "online"]
[Date "2021.10.05"]
[EventDate "2021.10.05"]
[Round "4.61"]
[White "Lampard, Alice"]
[WhiteElo "1948"]
[WhiteTeam "Wells Globetrotters 1"]
[Black "Dunn, Jeff"]
[BlackElo "1355"]
[BlackTeam "East Kilbride Rovers"]
[Result "1-0"]
[PlyCount "41"]

1. e4 e6 2. d3 d5 3. Qe2 Nf6 4. e5 Nfd7 5. g3 c5 6. Bg2 Nc6 7. Nf3 Qc7 8. Bf4 Rb8 9. c4 d4 10. Nbd2 Nb4 11. O-O b6 12. Ne4 Bb7 13. Nd6+ Bxd6 14. exd6 Qc8 15. Rfe1 Nc6 16. Ng5 O-O 17. Bh3 Qe8 18. Qh5 Nf6 19. Qh4 Nb4 20. d7 Qxd7 21. Rxe6 1-0

[Event "4NCL Online Division 5"]
[Site "online"]
[Date "2021.10.05"]
[EventDate "2021.10.05"]
[Round "4.62"]
[White "Peakman, Jonlee"]
[WhiteElo "1261"]
[WhiteTeam "East Kilbride Rovers"]
[Black "Strong, Chris M"]
[BlackElo "1750"]
[BlackTeam "Wells Globetrotters 1"]
[Result "0-1"]
[PlyCount "52"]

1. d4 Nf6 2. c4 g6 3. Nc3 d5 4. cxd5 Nxd5 5. e4 Nxc3 6. bxc3 Bg7 7. Bc4 O-O 8. Ne2 c5 9. O-O Nc6 10. Be3 cxd4 11. cxd4 Bg4 12. f3 Bc8 13. Qd2 Qa5 14. Qc2 Rd8 15. Rfc1 Nxd4 16. Nxd4 Bxd4 17. Bxd4 Rxd4 18. Qb3 e6 19. Kh1 b6 20. Qb2 Rd2 21. Qf6 Ba6 22. Bb3 Rad8 23. Bxe6 fxe6 24. Qxe6+ Kg7 25. Qe7+ Kh6 26. Qh4+ Qh5 0-1

[Event "4NCL Online Division 5"]
[Site "online"]
[Date "2021.10.05"]
[EventDate "2021.10.05"]
[Round "4.63"]
[White "Goatcher, Matthew W"]
[WhiteElo "1682"]
[WhiteTeam "Wells Globetrotters 1"]
[Black "Shrestha, Deepesh"]
[BlackElo "1233"]
[BlackTeam "East Kilbride Rovers"]
[Result "1-0"]
[PlyCount "79"]

1. c4 e5 2. g3 Nf6 3. Bg2 c6 4. d4 e4 5. d5 Bb4+ 6. Bd2 Bxd2+ 7. Qxd2 d6 8. Nc3 Bf5 9. e3 O-O 10. Nge2 Nbd7 11. dxc6 bxc6 12. Qxd6 Qb6 13. b3 Rad8 14. Qf4 Nc5 15. Qxf5 Nd3+ 16. Kf1 Rfe8 17. Bxe4 Re5 18. Qf3 Nxe4 19. Nxe4 g6 20. N2c3 Rf5 21. Qe2 Ne5 22. f4 Nd7 23. g4 Ra5 24. Rd1 Nc5 25. Rxd8+ Qxd8 26. Nxc5 Rxc5 27. h4 Ra5 28. g5 Ra6 29. Ne4 Kg7 30. Kf2 Rb6 31. Qb2+ Kg8 32. Nf6+ Kf8 33. Nxh7+ Ke7 34. Qe5+ Kd7 35. Rd1+ Kc8 36. Rxd8+ Kxd8 37. Nf6 Rb8 38. Qxb8+ Ke7 39. Qe8+ Kd6 40. Ne4+ 1-0

[Event "4NCL Online Division 5"]
[Site "online"]
[Date "2021.10.05"]
[EventDate "2021.10.05"]
[Round "4.64"]
[White "Nagar, Nikunj"]
[WhiteElo "653"]
[WhiteTeam "East Kilbride Rovers"]
[Black "Johnson, RN Phil"]
[BlackElo "1611"]
[BlackTeam "Wells Globetrotters 1"]
[Result "0-1"]
[PlyCount "66"]

1. e4 c6 2. Bc4 d5 3. exd5 cxd5 4. Bb5+ Nc6 5. Bxc6+ bxc6 6. d4 Nf6 7. Nc3 Qa5 8. Bd2 Qb6 9. Nf3 Qxb2 10. Qc1 Qxc1+ 11. Bxc1 Ba6 12. Ne2 e6 13. Bd2 Rb8 14. Ne5 Rb2 15. Nxc6 Rxc2 16. Nxa7 Ne4 17. Rd1 Nxd2 18. Rxd2 Bb4 19. O-O Rxd2 20. Nf4 Bxf1 21. Kxf1 O-O 22. Nc6 Rc8 23. g3 Rxc6 24. Kg2 Rxa2 25. h4 Rcc2 26. Kh3 Rxf2 27. Nd3 Rh2+ 28. Kg4 f5+ 29. Kg5 Be7+ 30. Kf4 Bf6 31. Ne5 Rae2 32. h5 Rhf2+ 33. Nf3 Re4# 0-1

[Event "4NCL Online Division 5"]
[Site "online"]
[Date "2021.10.05"]
[EventDate "2021.10.05"]
[Round "4.71"]
[White "Mellor, Jessica"]
[WhiteElo "1800"]
[WhiteTeam "Guildford Castles 2"]
[Black "Miller, Daniel"]
[BlackElo "1592"]
[BlackTeam "Breage Bruisers"]
[Result "0-1"]
[PlyCount "128"]

1. e4 e6 2. d4 d5 3. e5 c5 4. c3 Nc6 5. Nf3 Nge7 6. Bd3 Bd7 7. O-O cxd4 8. cxd4 h6 9. Qe2 Rc8 10. Nc3 Nb4 11. Bd2 Nxd3 12. Qxd3 a6 13. Rfc1 Nf5 14. a3 Be7 15. g4 Nh4 16. Nxh4 Bxh4 17. f4 O-O 18. Be1 Bxe1 19. Rxe1 Rc4 20. b3 Rc8 21. a4 Qb6 22. Ne2 Rc6 23. Rac1 Rfc8 24. Rxc6 Rxc6 25. Rc1 Rxc1+ 26. Nxc1 Qb4 27. Kf2 b5 28. axb5 Bxb5 29. Qd1 Qc3 30. h4 Qh3 31. h5 Qc3 32. f5 exf5 33. gxf5 Bd7 34. f6 Bf5 35. Ne2 Qh3 36. Ng3 Bg4 37. Qg1 gxf6 38. exf6 Qh4 39. Ke1 Bxh5 40. Kd2 Qf4+ 41. Kc3 Bg6 42. Qg2 Qe3+ 43. Kb4 Qxd4+ 44. Ka3 Qc5+ 45. Kb2 Kh7 46. Qd2 Qd6 47. Qf2 Qe5+ 48. Ka2 d4 49. Qd2 Qe3 50. Qb4 Bc2 51. Nf1 Qxb3+ 52. Qxb3 Bxb3+ 53. Kxb3 Kg6 54. Kc4 d3 55. Kxd3 Kxf6 56. Ke4 a5 57. Kf4 Kg6 58. Ng3 a4 59. Ne4 a3 60. Nc3 f5 61. Na2 h5 62. Nc3 h4 63. Na2 Kh5 64. Kxf5 h3 0-1

[Event "4NCL Online Division 5"]
[Site "online"]
[Date "2021.10.05"]
[EventDate "2021.10.05"]
[Round "4.72"]
[White "Jones, Bryan"]
[WhiteElo "1552"]
[WhiteTeam "Breage Bruisers"]
[Black "Jones, H Trevor"]
[BlackElo "1768"]
[BlackTeam "Guildford Castles 2"]
[Result "0-1"]
[PlyCount "140"]

1. d4 Nf6 2. c4 e6 3. Nf3 Bb4+ 4. Bd2 Qe7 5. g3 O-O 6. Bg2 d5 7. cxd5 exd5 8. a3 Bxd2+ 9. Qxd2 h6 10. O-O Bf5 11. Nc3 c6 12. e3 Nbd7 13. b4 Ne4 14. Nxe4 Bxe4 15. Qb2 Nb6 16. Nd2 Bd3 17. Rfe1 Qd7 18. a4 Rfc8 19. a5 Nc4 20. Nxc4 dxc4 21. Qa3 Rab8 22. Rec1 b5 23. Qc3 Qe6 24. Re1 Be4 25. Bxe4 Qxe4 26. Rac1 Re8 27. Qc2 Qg4 28. Qd1 Qh3 29. Qf3 Re6 30. Qg2 Qxg2+ 31. Kxg2 Rd8 32. Red1 Rd5 33. Rb1 f5 34. Rdc1 Kf7 35. Rc3 g5 36. f4 g4 37. Rb2 h5 38. Rb1 Rh6 39. Rbc1 Rd8 40. h4 gxh3+ 41. Kxh3 Rg8 42. Rg1 Ke6 43. Kh4 Rg4+ 44. Kh3 h4 45. Kg2 Rxg3+ 46. Kh2 Rxg1 47. Kxg1 Rg6+ 48. Kf2 Rg3 49. Rc1 Kd5 50. Rh1 Ke4 51. Rxh4 Rxe3 52. Rh7 Rd3 53. Ke2 Rxd4 54. Rxa7 Kxf4 55. Rh7 c3 56. Rh4+ Ke5 57. Rxd4 c2 58. Rd1 cxd1=Q+ 59. Kxd1 Kd6 60. Ke2 c5 61. a6 Kc6 62. bxc5 b4 63. Kd3 f4 64. Kc4 f3 65. Kxb4 f2 66. a7 Kb7 67. c6+ Kxa7 68. Kc5 f1=Q 69. Kd6 Qd3+ 70. Kc7 Qd5 0-1

[Event "4NCL Online Division 5"]
[Site "online"]
[Date "2021.10.05"]
[EventDate "2021.10.05"]
[Round "4.73"]
[White "Armiger, Paul D"]
[WhiteElo "1750"]
[WhiteTeam "Guildford Castles 2"]
[Black "Spargo, Philip J"]
[BlackElo "1454"]
[BlackTeam "Breage Bruisers"]
[Result "1-0"]
[PlyCount "117"]

1. e4 e5 2. Nf3 d6 3. Bc4 Be7 4. O-O Nf6 5. Re1 O-O 6. h3 Nc6 7. c3 Na5 8. Bf1 Nc6 9. d4 exd4 10. cxd4 b6 11. Nc3 a5 12. a3 Ba6 13. Bb5 Bxb5 14. Nxb5 Na7 15. Nc3 c5 16. d5 Nd7 17. a4 Bf6 18. Bf4 Be5 19. Qd2 Re8 20. Bg5 Bf6 21. Qf4 Bxg5 22. Nxg5 Qf6 23. Qxf6 Nxf6 24. f4 h6 25. Nf3 Rad8 26. Nd2 Nc8 27. Nc4 Re7 28. Kf2 Rde8 29. Kf3 Kf8 30. Ra3 Rd8 31. Rb3 Nd7 32. Nb5 Nb8 33. Nc3 Rb7 34. Nxa5 Ra7 35. Nc4 Rb7 36. a5 Na6 37. Rxb6 Nxb6 38. Nxb6 Nb4 39. e5 Re8 40. Nb5 Rd8 41. Nxd6 Ra7 42. Ke4 Rxa5 43. Nb7 Raa8 44. Nxa8 Rxa8 45. d6 Nc6 46. Kd5 Nd8 47. Nxd8 Rxd8 48. Kxc5 Rc8+ 49. Kb6 Ke8 50. Kb7 Kd7 51. f5 Rc2 52. e6+ fxe6 53. fxe6+ Kxd6 54. e7 Rxb2+ 55. Kc8 Rc2+ 56. Kd8 Ra2 57. Ke8 Ra8+ 58. Kf7 Ra7 59. Kf8 1-0

[Event "4NCL Online Division 5"]
[Site "online"]
[Date "2021.10.05"]
[EventDate "2021.10.05"]
[Round "4.74"]
[White "Evdokimova, Maria"]
[WhiteElo "1428"]
[WhiteTeam "Breage Bruisers"]
[Black "Tzanidakis, Michail"]
[BlackElo "1734"]
[BlackTeam "Guildford Castles 2"]
[Result "0-1"]
[PlyCount "86"]

1. e4 c5 2. d4 cxd4 3. c3 e5 4. Bc4 Nf6 5. Bg5 Nc6 6. b4 Be7 7. Qe2 dxc3 8. Nxc3 Bxb4 9. Rc1 Qa5 10. Bd2 Nd4 11. Qd3 b5 12. Bd5 Nxd5 13. exd5 d6 14. Nge2 Bf5 15. Qg3 Bg6 16. Nxd4 exd4 17. O-O O-O 18. Rfd1 Bxc3 19. Bxc3 dxc3 20. Rxc3 Rfe8 21. Rcc1 Re2 22. Qxd6 Rae8 23. h3 Qxa2 24. Qd7 Qa5 25. Ra1 Qb6 26. Qxa7 Qxa7 27. Rxa7 Re1+ 28. Rxe1 Rxe1+ 29. Kh2 Re8 30. Rb7 Bd3 31. d6 Kf8 32. d7 Rd8 33. g4 Ke7 34. Rc7 Rxd7 35. Rc5 Rb7 36. Re5+ Kd6 37. Re3 Bg6 38. Rb3 b4 39. f4 Bc2 40. Rb2 b3 41. Kg3 Kd5 42. Kf2 Kd4 43. Ke1 Kc3 0-1

[Event "4NCL Online Division 5"]
[Site "online"]
[Date "2021.10.05"]
[EventDate "2021.10.05"]
[Round "4.81"]
[White "Dray-Pearce, Tristan"]
[WhiteElo "1640"]
[WhiteTeam "War & Piece Nimrod"]
[Black "Bucchi, Andrea"]
[BlackElo "1562"]
[BlackTeam "Wessex Some Stars G"]
[Result "0-1"]
[PlyCount "78"]

1. d4 d5 2. Bf4 Nf6 3. e3 c5 4. c3 Nc6 5. Nd2 e6 6. Ngf3 Qb6 7. Qb3 c4 8. Qc2 Nh5 9. Bg3 Qd8 10. Be2 Bd6 11. Bh4 Be7 12. Bxe7 Qxe7 13. Ne5 Nxe5 14. dxe5 Qg5 15. g4 Nf4 16. exf4 Qxf4 17. Nf3 b5 18. Rg1 Bb7 19. Qd2 Qe4 20. O-O-O a5 21. Qd4 Qxe2 22. Qe3 Qxe3+ 23. fxe3 b4 24. Rdf1 bxc3 25. bxc3 O-O 26. Nd4 Rab8 27. Nb5 Ba6 28. Nd6 f6 29. exf6 Rxf6 30. g5 Rxf1+ 31. Rxf1 Rd8 32. Nf7 Rf8 33. Nh6+ gxh6 34. Rxf8+ Kxf8 35. gxh6 Kf7 36. Kd2 Kg6 37. e4 dxe4 38. Ke3 Bb7 39. Kd4 Bd5 0-1

[Event "4NCL Online Division 5"]
[Site "online"]
[Date "2021.10.05"]
[EventDate "2021.10.05"]
[Round "4.82"]
[White "Blythe, Douglas"]
[WhiteElo "1541"]
[WhiteTeam "Wessex Some Stars G"]
[Black "Morrison, Munroe L"]
[BlackElo "1633"]
[BlackTeam "War & Piece Nimrod"]
[Result "1-0"]
[PlyCount "73"]

1. c4 g6 2. Nc3 Bg7 3. g3 e5 4. Bg2 d6 5. e4 f5 6. Nge2 Nf6 7. d3 O-O 8. exf5 gxf5 9. O-O Na6 10. Bg5 c6 11. Qd2 Qe8 12. f4 Qg6 13. Rae1 h6 14. Bh4 Nc7 15. b4 Re8 16. b5 c5 17. a4 b6 18. Bxa8 Nxa8 19. Bxf6 Bxf6 20. Nd5 e4 21. Nxf6+ Qxf6 22. dxe4 fxe4 23. Qd5+ Kf8 24. Rd1 Be6 25. Qxd6+ Kf7 26. Rc1 Rd8 27. Qe5 Qe7 28. Rfd1 Rg8 29. Qxe4 Nc7 30. Re1 h5 31. Qh7+ Rg7 32. Qxh5+ Kg8 33. Nc3 Qf6 34. Qe5 Qh6 35. Nd5 Qh3 36. Nf6+ Kh8 37. Qh5+ 1-0

[Event "4NCL Online Division 5"]
[Site "online"]
[Date "2021.10.05"]
[EventDate "2021.10.05"]
[Round "4.83"]
[White "Chwieseni, Edward I"]
[WhiteElo "1631"]
[WhiteTeam "War & Piece Nimrod"]
[Black "Peacock, Christopher D"]
[BlackElo "1492"]
[BlackTeam "Wessex Some Stars G"]
[Result "1-0"]
[PlyCount "93"]

1. e4 e6 2. d4 d5 3. Nd2 c5 4. Ngf3 Nc6 5. c3 cxd4 6. Nxd4 Nxd4 7. cxd4 dxe4 8. Nxe4 Nf6 9. Nxf6+ Qxf6 10. Bb5+ Bd7 11. Bxd7+ Kxd7 12. O-O Bd6 13. Be3 Rhc8 14. Qa4+ Ke7 15. Rac1 a6 16. Qb3 Qh4 17. Qxb7+ Kd8 18. g3 Qe7 19. Qb6+ Bc7 20. Qc5 Bd6 21. Qa5+ Bc7 22. Qd2 Ke8 23. Bf4 Kf8 24. Bxc7 Rxc7 25. Rxc7 Qxc7 26. Rc1 Qb6 27. Qc3 Rd8 28. Qc5+ Qd6 29. b4 g6 30. a4 Kg7 31. Qe5+ Qxe5 32. dxe5 Rb8 33. Rb1 f6 34. f4 g5 35. b5 axb5 36. axb5 Rb6 37. Kf2 h5 38. Ke3 fxe5 39. fxg5 Kg6 40. Ke4 Kxg5 41. Kxe5 Kg6 42. Rb4 Kg5 43. h3 Kg6 44. g4 Kg5 45. gxh5 Kxh5 46. Kf6 Kh6 47. Rh4# 1-0

[Event "4NCL Online Division 5"]
[Site "online"]
[Date "2021.10.05"]
[EventDate "2021.10.05"]
[Round "4.84"]
[White "Le Fevre, Stephen D"]
[WhiteElo "1388"]
[WhiteTeam "Wessex Some Stars G"]
[Black "Chapman, Chas"]
[BlackElo "1561"]
[BlackTeam "War & Piece Nimrod"]
[Result "1-0"]
[PlyCount "75"]

1. Nf3 d5 2. d4 Nc6 3. Bf4 Nf6 4. h3 e6 5. e3 Bd6 6. Bxd6 Qxd6 7. c3 Bd7 8. Nbd2 O-O 9. Bd3 e5 10. dxe5 Nxe5 11. Nxe5 Qxe5 12. Nf3 Qd6 13. Qc2 h6 14. Nd4 c5 15. Nf5 Bxf5 16. Bxf5 d4 17. O-O-O Qd5 18. c4 Qxg2 19. Rhg1 Qc6 20. exd4 cxd4 21. Rxd4 Rad8 22. Rgd1 Rxd4 23. Rxd4 Qc5 24. Rd1 a6 25. Kb1 b5 26. cxb5 Qxb5 27. Qd3 Qxd3+ 28. Rxd3 Re8 29. Kc2 g5 30. Rd6 Ne4 31. Bxe4 Rxe4 32. Kd2 Re6 33. Rxe6 fxe6 34. b4 Kg7 35. a4 Kf7 36. Ke3 h5 37. Ke4 h4 38. Kf3 1-0

[Event "4NCL Online Division 5"]
[Site "online"]
[Date "2021.10.05"]
[EventDate "2021.10.05"]
[Round "4.91"]
[White "Dunford, Anthony D"]
[WhiteElo "1798"]
[WhiteTeam "The Hemel's Gambit"]
[Black "Jenkins, Simon"]
[BlackElo "1513"]
[BlackTeam "Lerryn Clowns"]
[Result "1-0"]
[PlyCount "83"]

1. e4 e5 2. Bc4 f5 3. Nf3 fxe4 4. Nxe5 Qg5 5. d4 Qxg2 6. Rf1 Nf6 7. Bf4 d5 8. Bb3 Bd6 9. Nc3 c6 10. Qd2 Ng4 11. O-O-O Nxe5 12. dxe5 Bc5 13. Na4 Be7 14. Rg1 Qf3 15. Rg3 Qh5 16. Rxg7 Rf8 17. Rdg1 Be6 18. Nc3 Qf5 19. Bg5 Bxg5 20. R1xg5 Qxf2 21. Qxf2 Rxf2 22. Nxe4 Rxh2 23. Nf6+ Kd8 24. Rxb7 Na6 25. Rgg7 Nc5 26. Rbe7 Rh1+ 27. Kd2 Rh2+ 28. Ke1 Rh1+ 29. Kf2 Bd7 30. Nxd7 Ne4+ 31. Kg2 Re1 32. Nf6 Re2+ 33. Kh3 Re3+ 34. Kh4 Nxf6 35. exf6 Rxe7 36. Rxe7 a5 37. Rxh7 Ra6 38. Rb7 Ke8 39. Kg5 a4 40. Kg6 c5 41. Bxd5 Rd6 42. Kg7 1-0

[Event "4NCL Online Division 5"]
[Site "online"]
[Date "2021.10.05"]
[EventDate "2021.10.05"]
[Round "4.92"]
[White "Childs, Barry B"]
[WhiteElo "1384"]
[WhiteTeam "Lerryn Clowns"]
[Black "Rollinson, David"]
[BlackElo "1618"]
[BlackTeam "The Hemel's Gambit"]
[Result "0-1"]
[PlyCount "76"]

1. b4 Nf6 2. Bb2 e6 3. a3 d5 4. e3 Be7 5. Nf3 Nbd7 6. c4 dxc4 7. Bxc4 c5 8. b5 b6 9. O-O Bb7 10. d3 O-O 11. e4 Qc7 12. Nc3 Rad8 13. Qe2 Ng4 14. h3 Nge5 15. Rad1 Nxf3+ 16. Qxf3 Bf6 17. Rfe1 Bd4 18. Qg4 Qe5 19. Rc1 Qf6 20. Re2 Ne5 21. Qg3 Ng6 22. Nd1 Nf4 23. Rd2 Be5 24. Bxe5 Qxe5 25. f3 Ne2+ 26. Kf2 Nxg3 27. Ne3 Nh5 28. Kg1 Qd4 29. Re1 Qc3 30. Rdd1 Nf4 31. Ng4 Nxd3 32. Bxd3 Rxd3 33. Ne5 Rxd1 34. Rxd1 Qxe5 35. Rd7 Bc8 36. Rxa7 Rd8 37. Ra8 Qg3 38. Kf1 Rd1+ 0-1

[Event "4NCL Online Division 5"]
[Site "online"]
[Date "2021.10.05"]
[EventDate "2021.10.05"]
[Round "4.93"]
[White "Cooper, John L"]
[WhiteElo "1293"]
[WhiteTeam "The Hemel's Gambit"]
[Black "Reid, Mark"]
[BlackElo "1455"]
[BlackTeam "Lerryn Clowns"]
[Result "1/2-1/2"]
[PlyCount "117"]

1. e4 c5 2. Nc3 e6 3. Nf3 a6 4. d3 d6 5. Be2 Nd7 6. O-O Ngf6 7. d4 cxd4 8. Nxd4 Be7 9. Re1 O-O 10. Bf3 Ne5 11. Be2 Qc7 12. Nf3 b5 13. Nxe5 dxe5 14. a3 Bb7 15. Bf3 Rfd8 16. Qe2 Rd7 17. Bg5 Rad8 18. Rad1 h6 19. Bc1 Bxa3 20. Rxd7 Rxd7 21. Rd1 Bc5 22. Rxd7 Qxd7 23. Be3 Bxe3 24. Qxe3 b4 25. Nb1 Bxe4 26. Qd2 Bxf3 27. Qxd7 Nxd7 28. gxf3 Nb6 29. b3 f5 30. Nd2 Kf7 31. Kg2 g5 32. Kg3 Ke7 33. h4 Kd6 34. hxg5 hxg5 35. Kg2 Kd5 36. Kf1 a5 37. Ke2 a4 38. bxa4 Nxa4 39. Nb3 Nc3+ 40. Ke3 e4 41. fxe4+ Nxe4 42. Nc1 Nc5 43. Ne2 b3 44. cxb3 Nxb3 45. Ng1 e5 46. Nh3 g4 47. Ng5 Nd4 48. f4 exf4+ 49. Kxf4 Ne6+ 50. Kxf5 g3 51. Nh3 Nd4+ 52. Kg4 Ne2 53. Kf3 Ke5 54. Kxe2 Ke4 55. Kf1 Kf3 56. Ng1+ Kg4 57. Kg2 Kh4 58. Ne2 Kg4 59. Nxg3 1/2-1/2

[Event "4NCL Online Division 5"]
[Site "online"]
[Date "2021.10.05"]
[EventDate "2021.10.05"]
[Round "4.101"]
[White "Hertog, Alexander"]
[WhiteElo "1720"]
[WhiteTeam "Oxford 4"]
[Black "Hackney, Leyton"]
[BlackElo "1597"]
[BlackTeam "Dundee City D"]
[Result "1/2-1/2"]
[PlyCount "93"]

1. Nf3 Nf6 2. b3 g6 3. Bb2 Bg7 4. e3 O-O 5. Be2 c5 6. O-O Nc6 7. d4 cxd4 8. Nxd4 Qb6 9. Nxc6 dxc6 10. c4 Bf5 11. Nd2 Rfd8 12. Qc1 Rd7 13. Nf3 Rad8 14. Nd4 Ne4 15. Nxf5 Bxb2 16. Nh6+ Kg7 17. Qxb2+ Kxh6 18. Bf3 Nd2 19. Rfe1 Nxf3+ 20. gxf3 Rd2 21. Qe5 Qb4 22. f4 Rxa2 23. Rxa2 Qxe1+ 24. Kg2 Qd1 25. Qg5+ Kg7 26. Rxa7 f6 27. Qg3 Qxb3 28. f5 Qxc4 29. Rxb7 Qd5+ 30. Qf3 Qxf3+ 31. Kxf3 Kf7 32. fxg6+ hxg6 33. Rc7 Rd6 34. Ke4 Ke6 35. h4 f5+ 36. Kf4 Kf6 37. e4 e5+ 38. Ke3 fxe4 39. Kxe4 Rd4+ 40. Ke3 Rxh4 41. Rxc6+ Kf5 42. Rc8 Rh3+ 43. f3 Rh1 44. Kf2 Rh5 45. Rf8+ Ke6 46. Re8+ Kf7 47. Ra8 1/2-1/2

[Event "4NCL Online Division 5"]
[Site "online"]
[Date "2021.10.05"]
[EventDate "2021.10.05"]
[Round "4.102"]
[White "Vijayakumar, Rishi"]
[WhiteElo "1497"]
[WhiteTeam "Dundee City D"]
[Black "Murawski, Jan"]
[BlackElo "1571"]
[BlackTeam "Oxford 4"]
[Result "0-1"]
[PlyCount "40"]

1. d4 Nf6 2. c4 e6 3. Nf3 d5 4. Nc3 Be7 5. e3 O-O 6. cxd5 exd5 7. Bd3 Bg4 8. O-O c6 9. h3 Bh5 10. Be2 Nbd7 11. a4 a5 12. Nd2 Bg6 13. f4 h6 14. Kh1 Re8 15. Nf3 Ne4 16. Nxe4 Bxe4 17. Qe1 Nf6 18. Ne5 Qc8 19. Bd2 Qxh3+ 20. Kg1 Qxg2# 0-1